[Event "Baku Open 2013"]
[Site "Baku AZE"]
[Date "2013.09.19"]
[Round "1.23"]
[White "Goganov,A"]
[Black "Aghayev,M"]
[Result "1-0"]
[WhiteElo "2577"]
[BlackElo "2309"]

1.Nf3 Nf6 2.c4 c5 3.Nc3 e6 4.g3 b6 5.Bg2 Bb7 6.O-O d6 7.e3 Qc7 8.b3 Nbd7
9.d4 d5 10.Nb5 Qb8 11.cxd5 Bxd5 12.e4 Nxe4 13.Bf4 Nd6 14.Re1 cxd4 15.Nfxd4 Bxg2
16.Nxe6 fxe6 17.Nxd6+ Bxd6 18.Rxe6+ Kd8 19.Rxd6 Qb7 20.Bg5+ Ke8 21.Qe2+ Qe4
22.Re6+  1-0

[Event "TCh-CRO 2a Liga 2013"]
[Site "Bol CRO"]
[Date "2013.09.21"]
[Round "8.5"]
[White "Szabo,Ben"]
[Black "Bogut,Z"]
[Result "1/2-1/2"]
[WhiteElo "2392"]
[BlackElo "2430"]

1.Nf3 Nf6 2.c4 c5 3.Nc3 b6 4.e4 d6 5.d4 cxd4 6.Nxd4 Bb7 7.Qe2 e6 8.g3 a6
9.Bg2 Qc7 10.O-O Nbd7 11.b3 Be7 12.Bb2  1/2-1/2

[Event "1st League Cent-SRB 2013"]
[Site "Kragujevac SRB"]
[Date "2013.09.21"]
[Round "10.4"]
[White "Krstic,Ra"]
[Black "Nenadovic,L"]
[Result "1-0"]
[WhiteElo "2203"]
[BlackElo "2189"]

1.c4 Nf6 2.Nc3 c5 3.Nf3 d5 4.cxd5 Nxd5 5.g3 Nc7 6.Bg2 Nc6 7.O-O e5 8.d3 f6
9.Nd2 Be6 10.Nc4 Qd7 11.f4 exf4 12.Bxf4 Rd8 13.Qa4 Nd5 14.Bd2 Be7 15.Ne3 Nxc3
16.bxc3 O-O 17.Rab1 Rb8 18.Rb2 Rfc8 19.Qe4 b5 20.Nf5 Bf8 21.Ne3 Bf7 22.Nd5 Kh8
23.Nf4 Ne5 24.Bh3 Qc7 25.Bxc8 Qxc8 26.a4 a6 27.axb5 axb5 28.Ra1 g5 29.Nd5 Qc6
30.c4 Re8 31.Bc3 bxc4 32.Nxf6 Qxe4 33.dxe4 Nc6 34.Ra6 Nd4 35.e3 Nb3 36.Nd5+ Bg7
37.Bxg7+ Kxg7 38.Ra7 Kg6 39.Ne7+ Kf6 40.Rf2+ Ke6 41.Nc6 Rf8 42.Re7+ Kd6 43.Rf6+  1-0

[Event "9th Highlands Open"]
[Site "Trebic CZE"]
[Date "2013.09.21"]
[Round "1"]
[White "Aleksandravicius,D"]
[Black "Bradac,R"]
[Result "0-1"]
[WhiteElo "1718"]
[BlackElo "1998"]

1.Nf3 c5 2.c4 g6 3.Nc3 Nf6 4.d4 cxd4 5.Nxd4 Nc6 6.Nc2 Bg7 7.g3 O-O 8.Bg2 a5
9.O-O a4 10.Nb5 d6 11.Bd2 Be6 12.Ne3 Nd7 13.Bc3 Bxc3 14.Nxc3 Qa5 15.Ncd5 Rfc8
16.Nf4 Nc5 17.Nxe6 Nxe6 18.b3 axb3 19.axb3 Qxa1 20.Qxa1 Rxa1 21.Rxa1 Ned4
22.Ra2 Nxb3 23.Rb2 Nc5 24.f4 Ra8 25.Kf2 Ra4 26.Bxc6 bxc6 27.Rb8+ Kg7 28.Rc8 Ne4+
29.Kf3 Nd2+ 30.Kf2 c5 31.Rc7 e6 32.Rc6 Ra3 33.g4 Rc3 34.g5 h5 35.gxh6+ Kxh6
36.Ke1 Ne4 37.Ng4+ Kh5 38.Nf6+ Nxf6 39.Rxd6 Rxc4 40.e3 Rc1+ 41.Ke2 Rc2+ 42.Kf3 Rf2+  0-1

[Event "Baku Open 2013"]
[Site "Baku AZE"]
[Date "2013.09.22"]
[Round "4.25"]
[White "Boruchovsky,A"]
[Black "Heydarli,K"]
[Result "1-0"]
[WhiteElo "2461"]
[BlackElo "2278"]

1.c4 Nf6 2.Nc3 c5 3.Nf3 g6 4.d4 cxd4 5.Nxd4 Bg7 6.e4 d6 7.Be2 Nc6 8.Be3 Bd7
9.O-O O-O 10.f3 Rc8 11.Qd2 a6 12.Rac1 Nxd4 13.Bxd4 Be6 14.b3 Nd7 15.Bxg7 Kxg7
16.f4 f6 17.Nd5 Bf7 18.Kh1 Nc5 19.Qe3 e6 20.Nc3 f5 21.exf5 exf5 22.Rfd1 Qf6
23.Rd4 Rce8 24.Qd2 Ne4 25.Nxe4 Rxe4 26.Rxe4 fxe4 27.Rd1 Rd8 28.Qd4 d5 29.Kg1 e3
30.g3 h6 31.h4 h5 32.Kg2 Be6 33.Bf3 Bg4 34.Qxf6+ Kxf6 35.Rxd5 e2 36.Kf2 Re8
37.Re5 Rxe5 38.fxe5+ Kxe5 39.Bxb7 a5 40.c5 Kd4 41.c6 Bf3 42.Ba8 Kc3 43.Ke1 Kb2
44.c7 Bg4 45.Bd5  1-0

[Event "TCh-FIN SM 2013-14"]
[Site "Joensuu FIN"]
[Date "2013.09.22"]
[Round "2.3"]
[White "Wallin,A"]
[Black "Solozhenkin,E"]
[Result "0-1"]
[WhiteElo "2183"]
[BlackElo "2469"]

1.c4 Nf6 2.Nf3 g6 3.Nc3 c5 4.g3 Bg7 5.Bg2 Nc6 6.d4 cxd4 7.Nxd4 O-O 8.O-O Ng4
9.e3 d6 10.b3 a6 11.Bb2 Nxd4 12.exd4 Nh6 13.Nd5 Rb8 14.a4 Nf5 15.Re1 e6 16.Ne3 Ne7
17.Qd2 b6 18.Rad1 h5 19.Ba3 Qc7 20.f4 Re8 21.Qb4 Rd8 22.d5 a5 23.Qd2 e5 24.Qf2 Re8
25.fxe5 Bxe5 26.Be4 Bh3 27.Ng2 Bxg2 28.Kxg2 Kg7 29.Bb1 f6 30.Rf1 Rh8 31.Bc1 h4
32.g4 h3+ 33.Kh1 Qd7 34.Rg1 g5 35.Rdf1 Rbf8 36.Qxb6 Rh4 37.Bf5 Nxf5 38.gxf5 Bd4
39.Qxa5 Bxg1 40.Kxg1 Re8 41.Qc3 Re2 42.Qf3 Qe7 43.Rf2 Re1+ 44.Rf1 Qa7+ 45.Kh1 Rxf1+
46.Qxf1 Qd4 47.Qe2 Re4 48.Qd2 Qe5  0-1

[Event "46th TCh-BUL w 2013"]
[Site "Sunny Beach BUL"]
[Date "2013.09.23"]
[Round "5.3"]
[White "Genova,R"]
[Black "Yordanova,S"]
[Result "1-0"]
[WhiteElo "2211"]
[BlackElo "2053"]

1.Nf3 Nf6 2.c4 c5 3.Nc3 d5 4.cxd5 Nxd5 5.g3 Nc6 6.Bg2 Nc7 7.Qa4 Bd7 8.Qe4 g6
9.O-O Bg7 10.d3 O-O 11.Qh4 e5 12.Qc4 Ne6 13.Ne4 Ncd4 14.Nxd4 cxd4 15.Nd6 b5
16.Qd5 Nc7 17.Qc5 Ne6 18.Qa3 b4 19.Qxb4 a5 20.Qa3 Ra6 21.Bd2 Qb8 22.Nc4 a4
23.b4 Qa7 24.Rab1 Nc7 25.Qc1 Nb5 26.a3 Rc8 27.Qb2 Be6 28.Rbc1 Bg4 29.Rfe1 Rc7
30.h3 Be6 31.Na5 Rb6 32.Rxc7 Qxc7 33.Rc1 Qe7 34.Rc5 h5 35.Qc1 Kh7 36.Nc4 Bxc4
37.Rxc4 Rb8 38.Rc5 Qe6 39.Bc6 Nc3 40.Bxc3 dxc3 41.Qxc3 e4 42.d4 Qxh3 43.Bxe4 Re8
44.Qd3 f5 45.Bg2 Qg4 46.Rc7 Qxe2 47.Qxe2 Rxe2 48.d5 Kh6 49.d6 Rd2 50.d7 h4
51.gxh4 Rd1+ 52.Bf1 Bb2 53.Kg2 Bxa3 54.b5 Be7 55.h5 a3 56.Bc4 Bd8 57.Ra7 Rd4
58.Be6 Rd6 59.Ra6 a2 60.Bxa2 Rxd7 61.hxg6 Rd2 62.Bf7 Bh4 63.b6 Rb2 64.Bd5 Bxf2
65.b7 Bc5+ 66.Kf3 Rb4 67.Rf6 Ba7 68.Ra6 Bc5 69.Ra4 Rb2 70.Ra8 Bd6 71.Rd8 Be5
72.Re8 Bd6 73.Re6 Bb8 74.Ke3 Rb4 75.Kd3 Rb1 76.Kc4 f4 77.Be4 Rb2 78.Re7 f3
79.Rh7+ Kg5 80.g7  1-0

[Event "Baku Open 2013"]
[Site "Baku AZE"]
[Date "2013.09.24"]
[Round "6.7"]
[White "Jumabayev,R"]
[Black "Pantsulaia,L"]
[Result "0-1"]
[WhiteElo "2562"]
[BlackElo "2596"]

1.Nf3 c5 2.c4 Nf6 3.Nc3 e6 4.g3 b6 5.Bg2 Bb7 6.O-O d6 7.d4 cxd4 8.Nxd4 Bxg2
9.Kxg2 Qc7 10.Qa4+ Nbd7 11.Rd1 a6 12.Bg5 Qb7+ 13.Kg1 Rc8 14.Nc2 Be7 15.Bf4 Rc6
16.Nb4 Rxc4 17.Qxa6 Qxa6 18.Nxa6 O-O 19.Nb5 d5 20.b3 Rc2 21.Rdc1 Rxe2 22.Nc3 Rb2
23.Kf1 e5 24.Nd1 Ba3 25.Bg5 h6 26.Bxf6 Nxf6 27.Rc6 Rd2 28.Ke1 Rd3 29.Rxb6 Ng4
30.Nb4 Bxb4+ 31.Rxb4 Nxh2 32.a4 Nf3+ 33.Ke2 Rxb3 34.Rxb3 Nd4+ 35.Ke1 Nxb3
36.Ra3 Na5 37.Rc3 Nc4 38.Rb3 d4 39.Rb5 Ra8 40.Rb4 Rc8 41.Rb5 f6 42.f4 exf4
43.gxf4 Re8+ 44.Kf2 d3 45.Rd5 d2 46.Rd4 Rc8 47.Kf3 Kh7 48.f5 Rc5 49.Kf4 Re5
50.Re4 Rxe4+ 51.Kxe4 h5 52.Kd3 h4 53.Ke4 Kh6 54.Kf4 Kh5 55.Nc3 Nb6  0-1

[Event "9th Highlands IM"]
[Site "Trebic CZE"]
[Date "2013.09.27"]
[Round "8"]
[White "Plischki,S"]
[Black "Kratochvil,Jo"]
[Result "1-0"]
[WhiteElo "2436"]
[BlackElo "2241"]

1.Nf3 Nf6 2.c4 c5 3.Nc3 b6 4.g3 Bb7 5.Bg2 e6 6.O-O Be7 7.d4 cxd4 8.Qxd4 d6
9.Rd1 O-O 10.Bg5 a6 11.Bxf6 gxf6 12.Rac1 Nd7 13.Ne4 Bxe4 14.Qxe4 f5 15.Qe3 Rc8
16.Nd4 Ne5 17.b3 Qc7 18.h3 Bf6 19.f4 Ng6 20.a4 Kh8 21.Kh2 Rg8 22.Qd3 Ne7
23.e3 Rcd8 24.b4 Rg6 25.Ne2 Nc6 26.Qd2 a5 27.b5 Nb4 28.Bf3 Qe7 29.Nd4 Rdg8
30.Rg1 Qf8 31.Rcd1 Qg7 32.Ne2 Rd8 33.e4 fxe4 34.Bxe4 d5 35.Bxg6 Qxg6 36.cxd5 Rxd5
37.Qe3 Qc2 38.Rxd5 Nxd5 39.Qf3 Qxa4 40.Rc1 Qxb5 41.Rc8+ Kg7 42.Qg4+ Kh6 43.Rf8 Qd7
44.Rg8 Ne3 45.Qg5+  1-0

[Event "TCh-Moscow GpA 2013"]
[Site "Moscow RUS"]
[Date "2013.09.28"]
[Round "5.2"]
[White "Arslanov,S"]
[Black "Papin,V"]
[Result "0-1"]
[WhiteElo "2405"]
[BlackElo "2524"]

1.c4 c5 2.Nf3 Nf6 3.Nc3 e6 4.g3 b6 5.Bg2 Bb7 6.O-O Be7 7.d4 cxd4 8.Qxd4 O-O
9.Bf4 d6 10.Qd2 a6 11.Rfd1 Ne8 12.Ng5 Bxg2 13.Kxg2 Ra7 14.Nge4 Rd7 15.Bg5 Bxg5
16.Qxg5 Qc7 17.b3 b5 18.Nd2 d5 19.Rac1 bxc4 20.bxc4 d4 21.Ncb1 e5 22.Nf3 Nc6
23.Nbd2 f5 24.c5 h6 25.Qh5 Ne7 26.Nc4 Nf6 27.Qh3 Ng4 28.Nd6 Rxd6 29.cxd6 Qxd6
30.Kg1 Qe6 31.Qf1 Nd5 32.Nxd4 exd4 33.Rxd4 f4 34.Qg2 fxg3 35.hxg3 Nde3 36.Qe4 Qxa2
37.fxe3 Qxe2 38.Qe6+ Kh8 39.Rxg4 Qf2+ 40.Kh1 Qb2 41.Rc8 Qb7+ 42.Qc6 Qxc8
43.Qxc8 Rxc8 44.Ra4 Rc6 45.Kg2 Kg8 46.Kf3 Kf7 47.e4 Kf6 48.Ra5 g6 49.Ke3 Rc3+
50.Kf4 Rc6 51.Ke3 Rb6 52.Kd4 h5 53.Kd5 g5 54.Ra1 Ke7 55.Rh1 Rh6 56.Ke5 h4
57.gxh4 gxh4 58.Rh3 Rh5+ 59.Kf4 a5 60.Kg4 Rh8 61.Kf3 Ke6 62.Kg2 a4  0-1

[Event "Tatry Open 2013"]
[Site "Tatranske Zruby SVK"]
[Date "2013.09.29"]
[Round "1.15"]
[White "Volodin,V"]
[Black "Motuz,K"]
[Result "1/2-1/2"]
[WhiteElo "2177"]
[BlackElo "2305"]

1.Nf3 Nf6 2.c4 c5 3.Nc3 e6 4.g3 b6 5.Bg2 Bb7 6.O-O Be7 7.Re1 d6 8.e4 a6 9.d4 cxd4
10.Nxd4 Qc7 11.Be3 O-O 12.Rc1 Re8 13.b3 Bf8 14.h3 Nbd7 15.f4 Rac8 16.Bf2 Qb8
17.f5 e5 18.Nc2 b5 19.Ne3 Be7 20.Ncd5 Bxd5 21.Nxd5 Nxd5 22.Qxd5 Nb6 23.Qd3 bxc4
24.bxc4 Qc7 25.c5 dxc5 26.Qxa6 Ra8 27.Qb5 Rec8 28.Rc2 h6 29.Rec1 Na4 30.Rd1 Ra7
31.Rb1 Ra5  1/2-1/2

[Event "Kolomenskaya versta IM 2013"]
[Site "Kolomna RUS"]
[Date "2013.10.01"]
[Round "4"]
[White "Poley,V"]
[Black "Odnorozhenko,E"]
[Result "1/2-1/2"]
[WhiteElo "2311"]
[BlackElo "2270"]

1.c4 c5 2.Nf3 Nf6 3.Nc3 g6 4.g3 Bg7 5.Bg2 Nc6 6.O-O O-O 7.Ne1 d6 8.a3 Be6
9.d3 Qd7 10.Rb1 Bh3 11.Bd2 Bxg2 12.Kxg2 d5 13.cxd5 Nxd5 14.Nc2 e6 15.Nxd5 Qxd5+
16.Kg1 Nd4 17.Nxd4 Bxd4 18.Bc3 Rac8 19.Bxd4 Qxd4 20.Qb3 c4 21.dxc4 Qxc4 22.Qe3 Qc5
23.Qxc5 Rxc5 24.Rfd1 Rfc8 25.Rd7 R8c7 26.Rbd1 a6 27.Rxc7 Rxc7 28.Rd2 Kf8
29.Kg2 Ke7 30.Kf3 Rc5 31.e4 Rc8  1/2-1/2

[Event "3rd Holuj-Radzikowska Mem"]
[Site "Wroclaw POL"]
[Date "2013.10.02"]
[Round "5.5"]
[White "Mkrtchian,L"]
[Black "Guramishvili,S"]
[Result "1/2-1/2"]
[WhiteElo "2469"]
[BlackElo "2431"]

1.c4 c5 2.Nf3 Nf6 3.Nc3 d5 4.cxd5 Nxd5 5.g3 g6 6.d3 Bg7 7.Bd2 Nc6 8.Bg2 e6
9.Qc1 h5 10.h4 b6 11.O-O Bb7 12.Bg5 Qd7 13.Nxd5 exd5 14.e4 O-O 15.Bh6 d4
16.Bxg7 Kxg7 17.Rd1 Rae8 18.Nh2 Ne5 19.a3 Ba6 20.Qc2 Rc8 21.b3 f6 22.f4 Ng4
23.Nxg4 hxg4 24.Rd2 Qe6 25.Re1 Rf7 26.Qd1 Re8 27.f5 gxf5 28.Rf2 Qe5 29.Rf4 Bc8
30.Ref1 Kf8 31.Qd2 Bd7 32.Kh2 Rh7 33.Qf2 Qd6 34.Qd2 Re5 35.b4 Rhe7 36.Rxg4 fxg4
37.Qh6+ Kf7 38.Qh7+ Kf8 39.Qh8+ Kf7 40.Qh7+ Kf8 41.Qh8+ Kf7 42.Qh7+ Kf8  1/2-1/2

[Event "Grand Open Blagoevgrad 2013"]
[Site "Blagoevgrad BUL"]
[Date "2013.10.03"]
[Round "8.8"]
[White "Cvetkovic,Sr"]
[Black "Mourelatos,I"]
[Result "1-0"]
[WhiteElo "2360"]
[BlackElo "2154"]

1.c4 Nf6 2.Nc3 c5 3.Nf3 d5 4.cxd5 Nxd5 5.e3 Nb4 6.Bb5+ N8c6 7.a3 Nd3+ 8.Ke2 Bf5
9.e4 Nf4+ 10.Kf1 Bd7 11.d4 cxd4 12.Nxd4 Nxd4 13.Qxd4 Bxb5+ 14.Nxb5 Qxd4 15.Nxd4 O-O-O
16.Bxf4 Rxd4 17.Rc1+ Kd8 18.f3 e6 19.Ke2 Rd7 20.Rhd1 f6 21.Rxd7+ Kxd7 22.Rc7+ Ke8
23.Rxb7 a5 24.Ra7 g5 25.Bd6 Bxd6 26.Ra8+ Kf7 27.Rxh8  1-0

[Event "23rd EYCC Open U16 2013"]
[Site "Budva MNE"]
[Date "2013.10.05"]
[Round "6.10"]
[White "Huber,Mart AUT"]
[Black "Bellahcene,B"]
[Result "1/2-1/2"]
[WhiteElo "2297"]
[BlackElo "2319"]

1.Nf3 Nf6 2.c4 c5 3.Nc3 g6 4.d4 cxd4 5.Nxd4 Bg7 6.e4 Nc6 7.Be3 O-O 8.Be2 d6
9.O-O Bd7 10.Nc2 Qa5 11.f3 Rfc8 12.Rc1 Be6 13.Qd2 Nd7 14.Na3 a6 15.Rfd1 Qb4
16.Rc2 Kh8 17.Rdc1 f5 18.Nd5 Qxd2 19.Rxd2 fxe4 20.fxe4 Rab8 21.Nf4 Bg8 22.Bg4 Nce5
23.Bh3 b5 24.Ne6 Bf6 25.c5 Bxe6 26.Bxe6 Rxc5 27.Rdc2 Rxc2 28.Rxc2 Kg7 29.b4 Nb6
30.Rc7 Nd3 31.Nc2 Nb2 32.Ra7 N2c4 33.Bf2 Ra8 34.Rxa8 Nxa8 35.Bc8 Nc7 36.Ba7 e5
37.Bb8 Bd8 38.Bxc7 Bxc7 39.Bxa6 Bb6+ 40.Kf1 Nd2+ 41.Ke1 Nxe4 42.Bxb5 Nc3
43.Bc4 d5 44.Bb3 d4 45.Kd2 Ne4+ 46.Ke2 Nd6 47.a4 e4 48.Kd2 Kf6 49.a5 Ba7
50.Na3 Ke5 51.Nc4+ Nxc4+ 52.Bxc4 d3 53.b5 Bd4 54.b6 g5 55.Bf7 Bg1 56.b7 Ba7
57.Kc3 Kf4 58.Kd2 g4 59.Be8 g3 60.h3 Ke5 61.Kc3 Kf4 62.Kd2 Ke5  1/2-1/2

[Event "3rd Central Asia Cup"]
[Site "Dushanbe TJK"]
[Date "2013.10.16"]
[Round "5.14"]
[White "Gevorgyan,I"]
[Black "Nasriddinzoda,M"]
[Result "1-0"]
[WhiteElo "2168"]
[BlackElo "2031"]

1.Nf3 Nf6 2.c4 e6 3.Nc3 c5 4.g3 b6 5.Bg2 Bb7 6.O-O Be7 7.Re1 d6 8.e4 a6 9.d4 cxd4
10.Nxd4 Qc7 11.Be3 O-O 12.Rc1 Nbd7 13.f4 Rfe8 14.Bf2 g6 15.b4 Bf8 16.Nb3 Rac8
17.a3 Qb8 18.Qe2 Rc7 19.Na4 Ba8 20.e5 Bxg2 21.Kxg2 dxe5 22.fxe5 Nh5 23.Qe3 b5
24.Nac5 Qa8+ 25.Kg1 Nb6 26.Nxa6 Qxa6 27.cxb5 Qxa3 28.Rxc7 Nd5 29.Ra7 Nxe3
30.Rxa3 Bxb4 31.Bxe3 Bxa3 32.b6 Ng7 33.Nc5 Nf5 34.Nd7 Kg7 35.b7 Bb4 36.Rc1 Nxe3
37.Rc8 Re7 38.b8=Q Nd5 39.Nf6  1-0

[Event "SPICE Cup Open 2013"]
[Site "St Louis USA"]
[Date "2013.10.16"]
[Round "3.1"]
[White "Lenderman,A"]
[Black "Le Quang Liem"]
[Result "0-1"]
[WhiteElo "2539"]
[BlackElo "2712"]

1.c4 Nf6 2.Nc3 c5 3.Nf3 d5 4.cxd5 Nxd5 5.e4 Nb4 6.Bc4 Nd3+ 7.Ke2 Nf4+ 8.Kf1 Nd3
9.Ke2 Nf4+ 10.Kf1 Ne6 11.d3 Nc6 12.Be3 Ned4 13.Bxd4 cxd4 14.Ne2 g6 15.h4 h6
16.Qb3 e6 17.Bb5 Bg7 18.Qa4 O-O 19.Bxc6 bxc6 20.Qxc6 Rb8 21.b3 Qa5 22.Qc2 Ba6
23.Rd1 Rbc8 24.Qd2 Qb6 25.Ne1 e5 26.g4 Qe6 27.f3 Rc6 28.Ng3 Rfc8 29.h5 g5
30.Ne2 Bf8 31.Rc1 Rxc1 32.Nxc1 Qc6 33.Ne2 Qb5 34.Qd1 Bb4 35.Nc2 Bd6 36.Nc1 Qc5
37.Rh2 Qc3 38.Rd2 Kh7 39.Kf2 Bb5 40.Kf1 Bd7 41.Kf2 Qb2 42.Ne2 Qxa2 43.Ncxd4 Qa3
44.Nf5 Bb4 45.d4 Bxf5 46.gxf5 Bxd2 47.Qxd2 exd4 48.Qxd4 Qc5 49.Ke3 Kg8 50.f6 Qa3
51.Qd5 a5 52.Kf2 Qb4 53.Kf1 Qb6 54.e5 Rd8 55.Qe4 Qxb3 56.f4 Qd3 57.Qc6 Qe3
58.Qc2 gxf4 59.Nd4 Qh3+ 60.Kg1 Rxd4  0-1

[Event "SPICE Cup Open 2013"]
[Site "St Louis USA"]
[Date "2013.10.17"]
[Round "5.9"]
[White "Gerzhoy,L"]
[Black "Banawa,Joe"]
[Result "1/2-1/2"]
[WhiteElo "2478"]
[BlackElo "2367"]

1.c4 c5 2.Nf3 Nf6 3.Nc3 b6 4.g3 Bb7 5.Bg2 g6 6.O-O Bg7 7.d4 cxd4 8.Qxd4 O-O
9.Qh4 d6 10.Bh6 Nbd7 11.Rac1 a6 12.Nd5 e6 13.Bxg7 Kxg7 14.Nxf6 Nxf6 15.Rfd1 Qc7
16.Ne1 Bxg2 17.Nxg2 Rfd8 18.Ne3 Rac8 19.b3 Qc5 20.Qd4 Qxd4 21.Rxd4 d5 22.f4 dxc4
23.Rxd8 Rxd8 24.Rxc4 Rd2 25.Rc2 Rxc2 26.Nxc2 Ne4 27.e3 Kf6 28.Nb4 a5 29.Nc6 Nc3
30.a4 Ne4 31.Ne5 Nc5 32.Nc4 Nxb3 33.Nxb6 Kf5 34.Kf2 Ke4 35.Ke2 Nc5  1/2-1/2

[Event "Aurora Fall Open 2013"]
[Site "Aurora CAN"]
[Date "2013.10.19"]
[Round "3.4"]
[White "Cheng,Bi"]
[Black "Cormier,Adam"]
[Result "1-0"]
[WhiteElo "2442"]
[BlackElo "2009"]

1.Nf3 c5 2.c4 Nf6 3.Nc3 g6 4.d4 cxd4 5.Nxd4 Bg7 6.e4 d6 7.Be2 O-O 8.O-O Nc6
9.Be3 Nd7 10.Rb1 a5 11.Ndb5 Nc5 12.f4 b6 13.Bf3 Bb7 14.b3 f5 15.exf5 gxf5
16.Qd2 Rf6 17.a3 Rg6 18.b4 axb4 19.axb4 Na4 20.Ne2 e5 21.Bd5+ Kh8 22.Ng3 Qd7
23.Nh5 Bh6 24.Ra1 exf4 25.Bxf4 Bg7 26.Nxg7 Kxg7 27.Rfe1 Kh8 28.Nc3 Ne5 29.Rxe5 Nxc3
30.Rxa8+ Bxa8 31.Qxc3  1-0

[Event "TCh-Belgrade Premier liga 2013"]
[Site "Belgrade SRB"]
[Date "2013.10.19"]
[Round "8.5"]
[White "Kosanovic,D"]
[Black "Nenezic,M"]
[Result "1/2-1/2"]
[WhiteElo "2334"]
[BlackElo "2407"]

1.c4 Nf6 2.Nc3 c5 3.Nf3 e6 4.e3 Nc6 5.d4 d5 6.a3 a6 7.dxc5 Bxc5 8.b4 Ba7
9.Bb2 O-O 10.Qc2 Qe7 11.Rd1 Rd8 12.Be2 d4 13.exd4 Nxd4 14.Nxd4 Bxd4 15.O-O e5
16.Na4 Bd7 17.Bxd4 Bxa4 18.Qxa4 Rxd4 19.Rxd4 exd4 20.Bf3 Rd8 21.Qd1 d3 22.Qd2 Ne4
23.Qe3 f5 24.Rd1 Qe5 25.Bxe4 Qxe4 26.c5 h6 27.Qxe4 fxe4 28.Kf1 Kf7 29.Ke1 Ke6
30.Kd2 Kd5 31.f3 a5 32.Re1 axb4 33.axb4 exf3 34.gxf3 Kc4 35.Re7 Kxb4 36.Rxb7+ Kxc5
37.Rxg7 Rd6  1/2-1/2

[Event "TCh-CZE Vychod 2013-14"]
[Site "Czech Rep CZE"]
[Date "2013.10.20"]
[Round "1.8"]
[White "Kubos,R"]
[Black "Dvorak,A"]
[Result "1-0"]
[WhiteElo "2199"]
[BlackElo "2119"]

1.c4 c5 2.Nc3 e6 3.Nf3 Nf6 4.g3 b6 5.Bg2 Bb7 6.O-O Be7 7.d4 O-O 8.d5 exd5
9.cxd5 Ne8 10.e4 d6 11.e5 Na6 12.exd6 Nxd6 13.Ne5 Re8 14.Nc6 Qd7 15.Bf4 Bf8
16.Qh5 g6 17.Qf3 f5 18.Rfe1 Nb4 19.Bxd6 Bxd6 20.Nxb4 cxb4 21.Ne2 Be5 22.Qb3 Qd6
23.Nf4 a5 24.Nd3 Kg7 25.Nxe5 Rxe5 26.Rxe5 Qxe5 27.Rd1 Rd8 28.Qc2 Kf6 29.Qd2 Rd7
30.Re1 Rxd5 31.Bxd5 Qxd5 32.Qxd5 Bxd5 33.b3 a4 34.Re3 a3 35.f4 Be4 36.Kf2 Ke6
37.Ke1 Kd5 38.Kd2 h6 39.Re1 g5 40.Ke3 Kc5 41.fxg5 hxg5 42.h4 gxh4 43.gxh4 Kd5
44.Kf4  1-0

[Event "17th Unive Open 2013"]
[Site "Hoogeveen NED"]
[Date "2013.10.21"]
[Round "4.19"]
[White "Ritsema,R"]
[Black "Van der Poel,H"]
[Result "0-1"]
[WhiteElo "2012"]
[BlackElo "2246"]

1.c4 Nf6 2.Nf3 c5 3.Nc3 g6 4.g3 b6 5.Bg2 Bb7 6.O-O Bg7 7.d3 d5 8.cxd5 Nxd5
9.Bd2 O-O 10.Qc1 Nc6 11.Bh6 Rc8 12.Bxg7 Kxg7 13.Nxd5 Qxd5 14.Qc3+ Kg8 15.Rfe1 Rfd8
16.a3 Nd4 17.Nh4 Qd7 18.Bxb7 Qxb7 19.Rad1 Rd6 20.Ng2 Rcd8 21.Ne3 Qd7 22.Kg2 h5
23.h3 Qb7+ 24.Kg1 Rf6 25.Nc2 Qd7 26.Kg2 h4 27.Nxd4 cxd4 28.Qd2 hxg3 29.f3 Kg7
30.Rc1 Rh8 31.Rh1 Rf5 32.Qe1 Qe6 33.Rc2 Re5 34.Rd2 Reh5 35.Qxg3 Qe3 36.Qe1 Rg5+
37.Kf1 Rxh3 38.Rxh3 Rg1+  0-1

[Event "29th ECC Open 2013"]
[Site "Rhodes GRE"]
[Date "2013.10.22"]
[Round "3.14"]
[White "Ahlander,B"]
[Black "Heimann,An"]
[Result "1/2-1/2"]
[WhiteElo "2442"]
[BlackElo "2493"]

1.c4 c5 2.Nf3 Nf6 3.Nc3 e6 4.g3 b6 5.Bg2 Bb7 6.O-O Be7 7.d4 cxd4 8.Qxd4 d6
9.b3 O-O 10.Ba3 d5 11.Bxe7 Qxe7 12.cxd5 Nxd5 13.Nxd5 Bxd5 14.Ne5 Rd8 15.Rfd1 Nc6
16.Nxc6 Bxc6 17.Qf4 Bxg2 18.Kxg2 Qb7+ 19.Qf3 Qxf3+ 20.Kxf3 Kf8 21.Rxd8+ Rxd8
22.Rc1 Rd2 23.Rc8+ Ke7 24.Rc7+ Rd7 25.Rc8 Rd2 26.Rc7+ Rd7 27.Rc8 Rd2 28.Rc7+ Rd7  1/2-1/2

[Event "29th ECC Open 2013"]
[Site "Rhodes GRE"]
[Date "2013.10.25"]
[Round "6.24"]
[White "Andersen,Mad"]
[Black "Noe,C"]
[Result "1-0"]
[WhiteElo "2476"]
[BlackElo "2245"]

1.c4 Nf6 2.Nf3 c5 3.Nc3 e6 4.g3 b6 5.Bg2 Bb7 6.O-O Be7 7.d4 cxd4 8.Qxd4 d6
9.Bg5 a6 10.Bxf6 Bxf6 11.Qf4 Bxf3 12.Bxf3 Ra7 13.Rfd1 Rd7 14.Rd3 O-O 15.Rad1 Bg5
16.Qe4 Bf6 17.b3 Qc7 18.Qe3 Nc6 19.R3d2 Rb8 20.Bg2 Na5 21.Ne4 Be7 22.g4 Rbd8
23.Nc3 Rb8 24.Qd3 Nc6 25.Qe4 Ne5 26.Qxe5 dxe5 27.Rxd7 Qc5 28.Na4 Qb4 29.c5 Bh4
30.c6 g6 31.c7 Rf8 32.Rd8 Rxd8 33.Rxd8+ Kg7 34.Rd1 Qf8 35.Bb7 Qb4 36.c8=Q Qxg4+
37.Bg2 Qf4 38.Rf1 b5 39.Nc5  1-0

[Event "29th ECC Open 2013"]
[Site "Rhodes GRE"]
[Date "2013.10.26"]
[Round "7.12"]
[White "Landenbergue,C"]
[Black "Hoffmann,Micha1"]
[Result "1/2-1/2"]
[WhiteElo "2393"]
[BlackElo "2462"]

1.c4 Nf6 2.Nc3 c5 3.Nf3 e6 4.g3 b6 5.Bg2 Bb7 6.O-O d6 7.Re1 Nbd7 8.e4 Rc8
9.b3 Be7 10.d4 cxd4 11.Nxd4 Qc7 12.Bb2 O-O 13.Qe2 Rfe8 14.Rad1 a6 15.h3 Bf8
16.Qe3 Qb8 17.Qe2 g6 18.Qd2 Ba8 19.Kh2 Bb7 20.Kg1 Ba8 21.Kh2 Bb7  1/2-1/2

[Event "8th Herbstopen"]
[Site "Deizisau GER"]
[Date "2013.10.29"]
[Round "7.5"]
[White "Zeller,F"]
[Black "Gibicar,D"]
[Result "1-0"]
[WhiteElo "2414"]
[BlackElo "2140"]

1.c4 Nf6 2.Nf3 c5 3.Nc3 g6 4.d4 cxd4 5.Nxd4 Bg7 6.e4 Nc6 7.Nc2 O-O 8.Be2 d6
9.O-O a6 10.Be3 Rb8 11.Rc1 Nd7 12.Qd2 Nc5 13.b4 Nd7 14.Rfd1 b6 15.a3 Bb7
16.Na1 Rc8 17.Nd5 a5 18.Nb3 e6 19.Nc3 axb4 20.axb4 Nxb4 21.Nb5 Na6 22.Nxd6 Rb8
23.Nxb7 Rxb7 24.c5 Naxc5 25.Nxc5 bxc5 26.Bxc5 Re8 27.Ba6 Rc7 28.Bb5 Qa8 29.Bxd7 Rd8
30.Be7 Rcxd7 31.Qxd7 Rxd7 32.Rxd7 Bb2 33.Re1 Bc3 34.Red1 Qxe4 35.Rd8+ Kg7
36.Bf8+ Kf6 37.R8d3 Be5 38.Rf3+ Bf4 39.h4 e5 40.g4  1-0

[Event "80th ch-BRA S/F 1 2013"]
[Site "Rio de Janeiro BRA"]
[Date "2013.11.01"]
[Round "3.3"]
[White "Teixeira,Ri"]
[Black "Toth,Chr"]
[Result "1/2-1/2"]
[WhiteElo "2227"]
[BlackElo "2355"]

1.Nf3 Nf6 2.c4 c5 3.Nc3 e6 4.g3 b6 5.Bg2 Bb7 6.O-O Be7 7.d4 cxd4 8.Qxd4 d6
9.Rd1 a6 10.Bg5 Nbd7 11.Qd2 O-O 12.Bf4 Ne8  1/2-1/2

[Event "Stockholm All Saints Open 2013"]
[Site "Stockholm SWE"]
[Date "2013.11.02"]
[Round "5.5"]
[White "Evertsson,L"]
[Black "Aroven,M"]
[Result "1-0"]
[WhiteElo "2177"]
[BlackElo "2101"]

1.c4 Nf6 2.Nf3 c5 3.Nc3 e6 4.d4 cxd4 5.Nxd4 Nc6 6.Nc2 Bc5 7.e4 O-O 8.Be2 d5
9.cxd5 exd5 10.exd5 Ne5 11.Be3 Bd6 12.h3 Bd7 13.g4 Qa5 14.Kf1 Rfc8 15.g5 Rxc3
16.gxf6 Rxc2 17.Qxc2 Qxd5 18.Rg1 Bxh3+ 19.Ke1 g6 20.Qd2 Qe6 21.Rc1 Qxf6 22.a3 Re8
23.Qd5 Bf8 24.Qxb7 h5 25.Rc3 Bg4 26.Rg3 Bg7 27.Bxg4 Nxg4 28.Rf3 Qe6 29.Rc7 Ne5
30.Rg3 h4 31.Rg1 Qf5 32.Rh1 Qb1+ 33.Rc1 Nd3+ 34.Kd2 Nxc1 35.Rxc1 Qf5 36.Ke2 h3
37.b4 Bb2 38.Rc5 Qg4+ 39.Qf3 Qxf3+ 40.Kxf3 Bxa3 41.Rb5 Bb2 42.Bxa7 Be5 43.Rd5 h2
44.Kg2 Kh7 45.b5 Bf4 46.Rd1 Re7 47.b6 g5 48.Rb1 Rb7 49.Rb3 Kg6 50.Rd3 Re7
51.Rd1 Kh5 52.Rb1 Rb7 53.Rb3 Kg4 54.Rb5 f6 55.Rb3 Kf5 56.Rb1 Be5 57.Rb4 Ke6
58.Rb1 Kd5 59.Rd1+ Ke4 60.Re1+ Kf4 61.Rb1 Ke4 62.Re1+ Kd3 63.Rb1 Bd4 64.Rd1+ Ke4
65.Rb1 g4 66.Rb4 Rh7 67.Kh1 Kd3 68.Rxd4+ Ke2 69.Rxg4 Rb7 70.Rf4  1-0

[Event "Stockholm All Saints Open 2013"]
[Site "Stockholm SWE"]
[Date "2013.11.02"]
[Round "6.6"]
[White "Akesson,R"]
[Black "Bannout,Edvin"]
[Result "1-0"]
[WhiteElo "2465"]
[BlackElo "1777"]

1.Nf3 Nf6 2.c4 c5 3.Nc3 b6 4.e4 d6 5.d4 cxd4 6.Nxd4 Bb7 7.Qe2 g6 8.g3 Nc6
9.Nxc6 Bxc6 10.Bg2 Rc8 11.Nd5 Bg7 12.Nxf6+ Bxf6 13.Bh6 b5 14.O-O bxc4 15.Qxc4 Bd7
16.Qe2 Rg8 17.Be3 Kf8 18.Qd2 Kg7 19.Bxa7 Rf8 20.a4 Ra8 21.Be3 Kg8 22.a5 Bc6
23.Rfc1 Qd7 24.Rxc6  1-0

[Event "TCh-FIN SM 2013-14"]
[Site "Joensuu FIN"]
[Date "2013.11.03"]
[Round "6.3"]
[White "Wallin,A"]
[Black "Agopov,M"]
[Result "1-0"]
[WhiteElo "2183"]
[BlackElo "2440"]

1.Nf3 Nf6 2.c4 c5 3.Nc3 d5 4.cxd5 Nxd5 5.g3 Nc6 6.Bg2 Nc7 7.d3 e5 8.Nd2 Bd7
9.Nc4 Be7 10.f4 exf4 11.Bxf4 O-O 12.O-O Be6 13.Bxc6 bxc6 14.Ne5 Qe8 15.Qa4 Bh3
16.Rf2 Bf6 17.Nc4 Nd5 18.Ne4 Nxf4 19.Rxf4 Be5 20.Nxe5 Qxe5 21.Rb1 Be6 22.Nc3 Bd5
23.Rf2 f5 24.Rbf1 Be6 25.Qxc6 Rab8 26.e4 Rfc8 27.Qa6 fxe4 28.Nxe4 h6 29.Qxa7 Rxb2
30.Qe7 Rxf2 31.Rxf2 Rb8 32.Qxc5 Rb1+ 33.Kg2 Bd5 34.Qf8+ Kh7 35.Qf5+ Qxf5
36.Rxf5 Bxa2 37.Nc3 Rb2+ 38.Rf2 Rxf2+ 39.Kxf2 Be6 40.Ke3 Kg6 41.Kf4 Bc8 42.Ne4 Kh5
43.Nf2 Kg6 44.Ke5 Kf7 45.Ne4 Bh3 46.d4 g5 47.Nd6+ Kg6 48.Nc4 h5 49.Ne3 Bd7
50.Kd6 Ba4 51.Ke6 h4 52.d5 hxg3 53.hxg3 Bb3 54.Ke5 Ba4 55.Ng4 Kf7 56.Nf6 Bc2
57.Ne4 g4 58.Nf2  1-0

[Event "TCh-FIN SM 2013-14"]
[Site "Sastamala FIN"]
[Date "2013.11.03"]
[Round "6.5"]
[White "Kauko,J"]
[Black "Sandvik,T"]
[Result "1-0"]
[WhiteElo "2269"]
[BlackElo "2092"]

1.c4 Nf6 2.Nc3 c5 3.Nf3 d5 4.cxd5 Nxd5 5.g3 Nc6 6.Bg2 Nc7 7.O-O e5 8.Ne1 Be7
9.Nd3 f6 10.b3 Bd7 11.f4 exf4 12.Nxf4 O-O 13.Bb2 Rb8 14.e3 Kh8 15.d4 cxd4
16.exd4 Bf5 17.Ne4 Qe8 18.Rc1 Bb4 19.Nc5 Bc8 20.a3 Bxc5 21.Rxc5 Na6 22.Re1 Qd8
23.Rh5 g5 24.Ng6+ Kg7 25.Nxf8 Qxf8 26.d5 Nd8 27.Rxg5+  1-0